ბათუმის შოთა რუსთაველის სახელმწიფო უნივერსიტეტის ბიბლიოთეკა

თოლია (ბიბ.ჩანაწერი № 42877)

000 -LEADER
fixed length control field 00765nam a2200229Ia 4500
001 - CONTROL NUMBER
control field 9585
003 - CONTROL NUMBER IDENTIFIER
control field GE_BSU
008 - FIXED-LENGTH DATA ELEMENTS--GENERAL INFORMATION
fixed length control field 181216s||||||||xx |||||||||||||| ||und||
040 ## - CATALOGING SOURCE
Transcribing agency GE_BSU
080 ## - UNIVERSAL DECIMAL CLASSIFICATION NUMBER
Universal Decimal Classification number 82-93
100 ## - MAIN ENTRY--PERSONAL NAME
Personal name მოსაშვილი,ილო
245 ## - TITLE STATEMENT
Title თოლია
245 ## - TITLE STATEMENT
Remainder of title საბავშვო პოემები და მოთხრობები
245 ## - TITLE STATEMENT
Statement of responsibility, etc. რედ.ნ.არჯევანიძე. მხატვ. შ.დოლიძე
260 ## - PUBLICATION, DISTRIBUTION, ETC.
Place of publication, distribution, etc. თბილისი
260 ## - PUBLICATION, DISTRIBUTION, ETC.
Name of publisher, distributor, etc. ნაკადული
260 ## - PUBLICATION, DISTRIBUTION, ETC.
Date of publication, distribution, etc. 1963
300 ## - PHYSICAL DESCRIPTION
Extent 99გვ.20სმ.
653 ## - INDEX TERM--UNCONTROLLED
Uncontrolled term თოლია
653 ## - INDEX TERM--UNCONTROLLED
Uncontrolled term საბავშვო პოემები და მოთხრობები
942 ## - ADDED ENTRY ELEMENTS (KOHA)
Koha item type წიგნი
ეგზემპლარები
Withdrawn status Lost status Damaged status Not for loan Date acquired Barcode Date last seen Price effective from Koha item type
        2018-12-17 32386 2018-12-17 2018-12-17 წიგნი